00666nam a2200217Ia 450000500170000000800410001702000150005808200130007324500700008626000450015630000160020165000150021765000140023265000130024665000190025970000280027870000280030694200060033495200950034099900130043520240730054626.0240331s9999 xx 000 0 und d a0195658353 a294bVIS 0aVishnu on Freud's Desk :ba reader in psychoanalysis and Hinduism aNew DelhibOxford University Pressc1999 ax, 481 p ., aPsychology aSociology aCultural aHindu thoughts aViadyanathan,T.G. eedt aKripal, J. Jeffreyeedt cL 001040708LaWERCLbWERCLcSSCd2024-03-31l0o 294 VISp4727r2024-03-31w2024-03-31yL c909d909